Возлюби її до крови: Літературна спадщина. Дослідженння. Документи. (Запис № 310052)

МАРК-запис
000 -Лідер
fixed length control field 00787nam a22002537a 4500
001 - Контрольний номер
control field 23793
003 - Ідентифікатор контрольного номера
control field UA-OsUOA
005 - Дата та час останнього входження (трансакції)
control field 20240617155504.0
007 - Фіксоване поле фізичного опису
fixed length control field ta
008 - Елементи даних фіксованої довжини – загальна інформація
fixed length control field 20040128b un ||||| |||| 00| 0 ukr d
040 ## - Джерело каталогізації
Агенція оригінальної каталогізації UA-OsUOA
Мова каталогізації ukr
Агенція, яка здійснювала перезапис UA-OsUOA
Агенція, яка здійснювала модифікацію UA-OsUOA
041 ## - Код мови
Код мови тексту/ звукової доріжки чи окремого заголовка (П) ukr
044 ## - Код країни видавця/ виробника
Код країни видавця/ виробника (П) UA
080 ## - Індекс Універсальної десяткової класифікації
Індекс Універсальної десяткової класифікації (УДК) (НП) 821.161.2
090 ## - Локальний шифр розміщення
Класифікаційний індекс УДК 821.161.2
Авторський знак (НП) С79
100 ## - Основне введення – ім’я особи
Ім’я особи (НП) Стефанович Олекса
9 (RLIN) 3278
245 ## - Відомості про назву
Назва (НП) Возлюби її до крови: Літературна спадщина. Дослідженння. Документи.
Дані про відповідальність (НП) Олекса Стефанович
260 ## - Публікація, розповсюдження і т.п. (Вихідні дані)
Місце публікації, розповсюдження і т.п. (П) Рівне
Ім’я/ наймення видавництва, розповсюджувача і т.п. (П) "Азалія"
Дата публікації, розповсюдження і т.п. (П) 2003
300 ## - Фізичний опис
Обсяг 140 с.
Інші фізичні характеристики (НП) Ілюстрації
490 ## - Область серії
Назва серії "Реабілітовані історією"
650 #7 - Додаткове предметне введення – тематичний термін
Джерело заголовка чи терміна UDC
942 ## - Додаткові елементи входу (Коха)
Тип елемента Koha Книги
Source of classification or shelving scheme Universal Decimal Classification
955 ## - Код типу видання за змістом
Код типу видання за змістом (НП) інше
Фонди
Стан вилучень Стан втрат Джерело класифікації або схеми стелажів Стан уражень Не для кредиту Код колекції Постійне місце розташування Поточне розміщення Дата придбання Джерело придбання Вартість, звичайна ціна покупки Інвентарний номер Усього замовленно Повний номер виклику Штрих-код Дата останнього перегляду Ціна ефективна від Тип елемента Koha
    Universal Decimal Classification     Колекція Кралюка П.М. ЧЗ - Читальна зала ЧЗ - Читальна зала 03/06/2009 89/2009 2.00 121316   821.161.2 С79 121316 16/11/2021 28/01/2004 Книги
    Universal Decimal Classification       ЧЗ - Читальна зала ЧЗ - Читальна зала 28/01/2004   2.00 77200   821.161.2 С79 77200 16/11/2021 28/01/2004 Книги
    Universal Decimal Classification       ЧЗ - Читальна зала ЧЗ - Читальна зала 28/01/2004   2.00 77201   821.161.2 С79 77201 16/11/2021 28/01/2004 Книги
    Universal Decimal Classification       ЧЗ - Читальна зала ЧЗ - Читальна зала 28/01/2004   2.00 77202   821.161.2 С79 77202 16/11/2021 28/01/2004 Книги
    Universal Decimal Classification       ЧЗ - Читальна зала ЧЗ - Читальна зала 28/01/2004   2.00 77203   821.161.2 С79 77203 16/11/2021 28/01/2004 Книги
    Universal Decimal Classification       ЧЗ - Читальна зала ЧЗ - Читальна зала 28/01/2004   2.00 77204   821.161.2 С79 77204 16/11/2021 28/01/2004 Книги